[Event "ESP-chT CECLUB Div2 Gp1"]
[Site "Padron"]
[Date "2012.08.08"]
[Round "1.2"]
[White "Espineira Gonzalez, Pablo D"]
[Black "Huerga Leache, Mikel"]
[Result "0-1"]
[WhiteElo "2233"]
[BlackElo "2448"]
[PlyCount "34"]
[EventDate "2012.08.08"]
[EventType "team-swiss"]
[EventRounds "6"]
[EventCountry "ESP"]
[SourceTitle "CBM 149 Extra"]
[Source "ChessBase"]
[SourceDate "2012.08.24"]
[SourceVersion "1"]
[SourceVersionDate "2012.08.24"]
[SourceQuality "1"]
[WhiteTeam "Padron"]
[BlackTeam "Bilbao Conteneo"]
[WhiteTeamCountry "ESP"]
[BlackTeamCountry "ESP"]

1. c4 e5 2. Nc3 Nf6 3. g3 Bb4 4. Bg2 0-0 5. Nd5 Nxd5 6. cxd5 c5 7. e4 f5 8. Nh3 d6 9. Qh5 Nd7 10. f3 c4 11. Ng5 Nf6 12. Qh4 Bc5 13. Bf1 b5 14. d3 Qa5+ 15. Bd2 Bf2+ 16. Kd1 Qa4+ 17. Ke2 Bd4 0-1

[Event "ESP-chT Autonomicas"]
[Site "Padron"]
[Date "2006.10.06"]
[Round "3.5"]
[White "Espineira Gonzalez, Pablo D"]
[Black "Bolado Saez, Sergio"]
[Result "1/2-1/2"]
[WhiteElo "2217"]
[BlackElo "2297"]
[PlyCount "74"]
[EventDate "2006.10.05"]
[EventType "team-swiss"]
[EventRounds "6"]
[EventCountry "ESP"]
[SourceTitle "EXT 2018"]
[Source "ChessBase"]
[SourceDate "2017.10.13"]
[SourceVersion "1"]
[SourceVersionDate "2017.10.13"]
[SourceQuality "1"]
[WhiteTeam "Galicia III"]
[BlackTeam "Cantabria"]
[WhiteTeamCountry "ESP"]
[BlackTeamCountry "ESP"]

1. c4 Nf6 2. Nc3 e5 3. g3 d6 4. Bg2 g6 5. e3 Bg7 6. Nge2 0-0 7. 0-0 c6 8. d4 Nbd7 9. d5 c5 10. e4 Ne8 11. Be3 f5 12. f4 Nef6 13. exf5 gxf5 14. fxe5 Nxe5 15. b3 Neg4 16. Bg5 Qe8 17. Qd3 h6 18. Bf4 Ne4 19. Rac1 Nxc3 20. Nxc3 Qg6 21. Ne2 Bd7 22. h3 Ne5 23. Qd2 Rae8 24. Be3 Re7 25. Kh2 Qe8 26. Nf4 Kh8 27. Rce1 b5 28. Nd3 bxc4 29. Nxe5 c3 30. Qc1 Bxe5 31. Bxh6 Rg8 32. Bg5 Qg6 33. h4 Rh7 34. Rxe5 dxe5 35. Kg1 Qd6 36. Qxc3 Re8 37. g4 Rf7 1/2-1/2

[Event "Pedrido Memorial"]
[Site "Vilagarcia de Arousa"]
[Date "2006.08.28"]
[Round "4"]
[White "Espineira Gonzalez, Pablo D"]
[Black "Carril Gonzalez, Angel"]
[Result "1-0"]
[WhiteElo "2213"]
[BlackElo "2089"]
[PlyCount "89"]
[EventDate "2006.07.25"]
[EventType "swiss"]
[EventRounds "9"]
[EventCountry "ESP"]
[SourceTitle "CBM 113 Extra"]
[Source "ChessBase"]
[SourceDate "2006.09.14"]
[SourceVersion "1"]
[SourceVersionDate "2006.09.14"]
[SourceQuality "1"]

1. c4 c5 2. Nc3 Nc6 3. g3 g6 4. Bg2 Bg7 5. e4 e6 6. Nge2 Nge7 7. 0-0 0-0 8. d3 d6 9. Be3 Nd4 10. Qd2 Rb8 11. Rab1 Nec6 12. Bh6 Qa5 13. Bxg7 Kxg7 14. Rbd1 Bd7 15. b3 a6 16. Qb2 Kg8 17. Rd2 b5 18. f4 b4 19. Nd1 Nxe2+ 20. Rxe2 Nd4 21. Ref2 Qc7 22. Ne3 f5 23. Nc2 Nxc2 24. Rxc2 a5 25. d4 Bc6 26. Re1 cxd4 27. Qxd4 e5 28. fxe5 dxe5 29. Qc5 f4 30. Rf2 g5 31. Bh3 Rf6 32. gxf4 gxf4 33. Rg2+ Kf7 34. Rd1 Qb6 35. Qxb6 Rxb6 36. Rg5 Bxe4 37. Rd7+ Kf8 38. Rxe5 Bb7 39. Ree7 Bc6 40. Rc7 Rh6 41. Be6 Rg6+ 42. Kf2 Rg2+ 43. Kf1 Rg6 44. Rf7+ Ke8 45. Rc8# 1-0

[Event "Albarino op"]
[Site "Albarino"]
[Date "2006.07.05"]
[Round "3"]
[White "Nemeth, Francisc"]
[Black "Espineira Gonzalez, Pablo D"]
[Result "0-1"]
[WhiteElo "2458"]
[BlackElo "2213"]
[PlyCount "62"]
[EventDate "2006.07.03"]
[EventType "swiss"]
[EventRounds "9"]
[EventCountry "ESP"]
[SourceTitle "CBM 113 Extra"]
[Source "ChessBase"]
[SourceDate "2006.09.14"]
[SourceVersion "1"]
[SourceVersionDate "2006.09.14"]
[SourceQuality "1"]

1. e4 e5 2. Nf3 Nc6 3. Bc4 Bc5 4. c3 Qe7 5. 0-0 d6 6. d4 Bb6 7. a4 a6 8. h3 Nf6 9. Re1 0-0 10. Bb3 h6 11. Na3 Ba7 12. Nc4 Bd7 13. Ne3 Rae8 14. Bc2 Qd8 15. d5 Ne7 16. Nh4 Qc8 17. g4 Ng6 18. Nef5 Nxh4 19. Nxh4 h5 20. g5 Nh7 21. Qxh5 g6 22. Qf3 Bxh3 23. Kh2 Bg4 24. Qg3 f6 25. Nxg6 fxg5 26. Nxf8 Rxf8 27. f4 exf4 28. Qd3 Rf6 29. Be3 Rh6+ 30. Kg2 Bh3+ 31. Kf2 Qg4 0-1

[Event "ESP-chT Premier North"]
[Site "Barcelona"]
[Date "2005.08.13"]
[Round "5"]
[White "Anguera Maestro, Jaime"]
[Black "Espineira Gonzalez, Pablo D"]
[Result "1-0"]
[WhiteElo "2183"]
[BlackElo "2158"]
[PlyCount "61"]
[EventDate "2005.08.01"]
[EventType "team"]
[EventRounds "6"]
[EventCountry "ESP"]
[SourceTitle "CBM 107 Extra"]
[Source "ChessBase"]
[SourceDate "2005.09.01"]
[SourceVersion "1"]
[SourceVersionDate "2005.09.01"]
[SourceQuality "1"]

1. d4 d5 2. Nf3 e6 3. e3 f5 4. c4 Nf6 5. cxd5 exd5 6. Bd3 Bd6 7. Ne5 0-0 8. f4 c5 9. Nd2 Be6 10. Ndf3 Ne4 11. 0-0 Nd7 12. Bxe4 fxe4 13. Ng5 Qe8 14. Qb3 Nb6 15. Bd2 c4 16. Qd1 Bc8 17. Qe2 h6 18. Nh3 Bxh3 19. gxh3 Nd7 20. Kh1 Qe6 21. Rg1 Qxh3 22. Rg3 Qf5 23. Rag1 Bxe5 24. dxe5 Rf7 25. Qg2 g5 26. e6 Qxe6 27. Rxg5+ hxg5 28. Qxg5+ Kh8 29. Bc3+ Qf6 30. Qh5+ Rh7 31. Bxf6+ 1-0

[Event "Villagarcia de Arosa op"]
[Site "Villagarcia de Arosa"]
[Date "2005.08.04"]
[Round "4"]
[White "Espineira Gonzalez, Pablo D"]
[Black "Gongora Reyes, Maikel"]
[Result "0-1"]
[WhiteElo "2158"]
[BlackElo "2466"]
[PlyCount "122"]
[EventDate "2005.08.01"]
[EventType "swiss"]
[EventRounds "9"]
[EventCountry "ESP"]
[SourceTitle "CBM 107 Extra"]
[Source "ChessBase"]
[SourceDate "2005.09.01"]
[SourceVersion "1"]
[SourceVersionDate "2005.09.01"]
[SourceQuality "1"]

1. c4 e6 2. Nc3 d5 3. cxd5 exd5 4. d4 c6 5. g3 Bf5 6. Bg2 Nf6 7. Bg5 Nbd7 8. Nf3 Bd6 9. Nh4 Be6 10. 0-0 h6 11. Bxf6 Nxf6 12. a3 0-0 13. b4 a6 14. Na4 b5 15. Nc5 Bxc5 16. dxc5 a5 17. Qd4 Qc7 18. f4 Rfe8 19. e3 Ra7 20. Rae1 axb4 21. axb4 Ra2 22. f5 Bc8 23. e4 dxe4 24. Bxe4 Rd8 25. Qe3 Rdd2 26. Bg2 Qd8 27. Bxc6 Kh7 28. Bf3 Rxh2 29. Ng2 Rh3 30. Rf2 Rxf2 31. Qxf2 Nh5 32. Bg4 Rxg3 33. Bxh5 Rg5 34. Bxf7 Bxf5 35. Be6 Bg6 36. Bb3 Qd3 37. Qe3 Qd7 38. Qe6 Qd4+ 39. Re3 Bf7 40. Bc2+ Kh8 41. Qe4 Rxg2+ 42. Kh1 Qxe4 43. Bxe4 Rb2 44. Ra3 g5 45. c6 Rxb4 46. c7 Be6 47. Ra8+ Kg7 48. Re8 Rxe4 49. Re7+ Kf8 50. Rxe6 Rc4 51. Rxh6 Rxc7 52. Rb6 Rc5 53. Kg2 Ke7 54. Kf3 Re5 55. Kg4 Kd7 56. Rg6 Kc7 57. Rh6 b4 58. Rf6 b3 59. Rf3 Rb5 60. Rc3+ Kb6 61. Rc1 b2 0-1

[Event "Padron op 5th"]
[Site "Padron"]
[Date "2004.08.21"]
[Round "2"]
[White "Iotov, Valentin Dimitrov"]
[Black "Espineira Gonzalez, Pablo D"]
[Result "1-0"]
[WhiteElo "2417"]
[BlackElo "2161"]
[PlyCount "75"]
[EventDate "2004.08.20"]
[EventType "swiss"]
[EventRounds "9"]
[EventCountry "ESP"]
[SourceTitle "EXT 2005"]
[Source "ChessBase"]
[SourceDate "2004.11.15"]
[SourceVersion "1"]
[SourceVersionDate "2004.11.15"]
[SourceQuality "1"]

1. d4 Nf6 2. c4 g6 3. Nc3 Bg7 4. e4 d6 5. Nf3 0-0 6. Be2 e5 7. 0-0 Nc6 8. d5 Ne7 9. Ne1 Ne8 10. Be3 f5 11. f3 f4 12. Bf2 g5 13. c5 Ng6 14. a4 Rf7 15. cxd6 cxd6 16. a5 Nf6 17. Nb5 g4 18. Bxa7 g3 19. Bb6 Qe7 20. h3 Nh5 21. Nc7 Rb8 22. Ne6 Nf8 23. Bc4 Nxe6 24. dxe6 Bxe6 25. Qb3 Rf6 26. Nd3 Bf8 27. Rac1 Ng7 28. Nb4 Rh6 29. Bxe6+ Nxe6 30. Rc7 Qh4 31. Rfc1 Kh8 32. Rc8 Rxc8 33. Rxc8 Kg7 34. Qa4 Ng5 35. Qd7+ Kg8 36. Nd5 Nxf3+ 37. gxf3 g2 38. Ne7+ 1-0

[Event "Pedrido op"]
[Site "Pedrido"]
[Date "2004.08.08"]
[Round "6"]
[White "Javakhishvili, Lela"]
[Black "Espineira Gonzalez, Pablo D"]
[Result "1-0"]
[WhiteElo "2372"]
[BlackElo "2119"]
[PlyCount "65"]
[EventDate "2004.08.??"]
[EventType "swiss"]
[EventRounds "9"]
[EventCountry "ESP"]
[SourceTitle "EXT 2005"]
[Source "ChessBase"]
[SourceDate "2004.11.15"]
[SourceVersion "1"]
[SourceVersionDate "2004.11.15"]
[SourceQuality "1"]

1. c4 Nf6 2. Nf3 g6 3. Nc3 Bg7 4. e4 d6 5. d4 0-0 6. Be2 e5 7. Be3 Nbd7 8. 0-0 h6 9. dxe5 dxe5 10. Nd2 c6 11. c5 Qe7 12. b4 a5 13. Qa4 axb4 14. Qxa8 bxc3 15. Nb3 Nxe4 16. Qa5 f5 17. f3 Nd2 18. Nxd2 cxd2 19. Bc4+ Kh7 20. Rad1 e4 21. f4 g5 22. g3 gxf4 23. gxf4 Qh4 24. Qxd2 Rf6 25. Kh1 Rg6 26. Rg1 Rg4 27. Be6 Rxg1+ 28. Rxg1 Qh3 29. Bxd7 Qf3+ 30. Rg2 Qf1+ 31. Bg1 e3 32. Qd6 e2 33. Qg6+ 1-0

[Event "Galicia-ch U20"]
[Site "Padron"]
[Date "2003.12.28"]
[Round "4.3"]
[White "Espineira Gonzalez, Pablo D"]
[Black "Eyo Castro Rial, Alberto"]
[Result "1-0"]
[WhiteElo "2075"]
[BlackElo "2108"]
[PlyCount "51"]
[EventDate "2003.12.26"]
[EventType "swiss"]
[EventRounds "8"]
[EventCountry "ESP"]
[SourceTitle "CBM 098 Extra"]
[Source "ChessBase"]
[SourceDate "2004.03.10"]
[SourceVersion "2"]
[SourceVersionDate "2004.03.10"]
[SourceQuality "1"]

1. c4 Nf6 2. Nc3 e6 3. e4 d5 4. e5 d4 5. exf6 dxc3 6. bxc3 Qxf6 7. d4 Bd6 8. Nf3 h6 9. Bd3 0-0 10. 0-0 Nd7 11. c5 Be7 12. Re1 c6 13. Qe2 Bd8 14. Qe4 Re8 15. Qh7+ Kf8 16. h4 Bc7 17. Bg5 hxg5 18. hxg5 Qf4 19. Re2 b6 20. Rae1 bxc5 21. Qh8+ Ke7 22. Qxg7 Nf8 23. dxc5 Bd7 24. Re4 Qf5 25. Rd4 Qxc5 26. Qf6# 1-0

[Event "Pedrido op"]
[Site "Pedrido"]
[Date "2003.??.??"]
[Round "8"]
[White "Espineira Gonzalez, Pablo D"]
[Black "Gongora Reyes, Maikel"]
[Result "0-1"]
[WhiteElo "2066"]
[BlackElo "2387"]
[PlyCount "116"]
[EventDate "2003.??.??"]
[EventType "swiss"]
[EventRounds "9"]
[EventCountry "ESP"]
[SourceTitle "EXT 2005"]
[Source "ChessBase"]
[SourceDate "2004.11.15"]
[SourceVersion "1"]
[SourceVersionDate "2004.11.15"]
[SourceQuality "1"]

1. c4 Nf6 2. Nc3 e6 3. g3 d5 4. Bg2 Be7 5. cxd5 exd5 6. d4 c6 7. Nf3 0-0 8. 0-0 Bf5 9. Qb3 Qb6 10. Bg5 h6 11. Bxf6 Bxf6 12. Qxb6 axb6 13. Rfd1 Re8 14. Ne1 b5 15. e3 Nd7 16. Nd3 Nb6 17. Nc5 b4 18. Ne2 Ra7 19. b3 Be7 20. Nd3 Bd6 21. Rd2 Na8 22. Nec1 Nc7 23. Rb1 Nb5 24. Rbb2 g5 25. Ne1 Nc3 26. Bf1 Rea8 27. Bd3 Be6 28. Nf3 f6 29. Ne1 Kg7 30. Rbc2 Ra3 31. f3 b6 32. Kf2 c5 33. Bf1 f5 34. Bg2 c4 35. Bf1 b5 36. Bh3 Kf6 37. Bg2 R8a7 38. Kf1 Bb8 39. Kf2 h5 40. Kg1 h4 41. Kf2 Bd6 42. Bh1 h3 43. Kf1 Ke7 44. Kf2 Kd7 45. Kf1 Kc6 46. Kf2 Bf7 47. Kf1 Bg6 48. f4 g4 49. Kg1 Bf7 50. Kf1 Kb6 51. Kg1 Ra8 52. Kf1 R3a7 53. Kf2 Re8 54. Rb2 Rae7 55. Nc2 Ne4+ 56. Bxe4 c3 57. Ne1 Rxe4 58. Rbc2 cxd2 0-1

[Event "Villa de Marin op 2nd"]
[Site "Marin"]
[Date "2002.07.22"]
[Round "7.7"]
[White "Espineira Gonzalez, Pablo D"]
[Black "Ruiz Gomez, Alejandro"]
[Result "0-1"]
[WhiteElo "2089"]
[BlackElo "2358"]
[PlyCount "74"]
[EventDate "2002.07.16"]
[EventType "swiss"]
[EventRounds "9"]
[EventCountry "ESP"]
[SourceTitle "EXT 2003"]
[Source "ChessBase"]
[SourceDate "2002.11.25"]
[SourceVersion "1"]
[SourceVersionDate "2002.11.25"]
[SourceQuality "1"]

1. c4 e5 2. Nc3 f5 3. e4 Nf6 4. d4 exd4 5. Qxd4 Nc6 6. Qe3 Bb4 7. exf5+ Kf7 8. Be2 d5 9. cxd5 Re8 10. dxc6 Rxe3 11. Bxe3 bxc6 12. Nf3 Bxf5 13. 0-0 Bd6 14. Bc4+ Kf8 15. Rad1 Qe8 16. Ne2 Be6 17. b3 Bxc4 18. bxc4 Ng4 19. Ned4 Nxe3 20. fxe3 Kg8 21. Rfe1 Qe4 22. Nd2 Qe5 23. N2f3 Qa5 24. e4 Qxa2 25. e5 Bc5 26. e6 Qxc4 27. Kh1 Bd6 28. Nf5 Qf4 29. Nxd6 cxd6 30. Rd4 Qf6 31. Rxd6 c5 32. Rd7 a5 33. e7 Re8 34. Rd8 Rxd8 35. exd8Q+ Qxd8 36. h3 h6 37. Rc1 Qd5 0-1